Brady Bunch? Quiz Stats

 Plays Quiz Updated Jul 29, 2016

Challenge
Share
Tweet
Score 0/9 Timer 03:00
7 Plays Today
% Correct
Mike Myers
88.2%
Alice Cooper
87.6%
Carol Burnett
85%
Greg Kinnear
61.3%
Bobby Brown
60.3%
Peter Dinklage
51.5%
Cindy Williams
48.8%
Marcia Cross
47.8%
Jan Hooks
39.1%

You're not logged in!

Compare scores with friends on all Sporcle quizzes.
Join for Free
OR
Log In

You Might Also Like...

Show Comments

Extras

Top Quizzes Today


Score Distribution

Your Account Isn't Verified!

In order to create a playlist on Sporcle, you need to verify the email address you used during registration. Go to your Sporcle Settings to finish the process.

Report this User

Report this user for behavior that violates our Community Guidelines.

Details: